La violencia en el sistema educativo (Record no. 20601)

MARC details
000 -LEADER
campo de control de longitud fija 01314nmc a2200445 a 4500
003 - IDENTIFICADOR DE NÚMERO DE CONTROL
campo de control AR-BaBNM
005 - FECHA Y HORA DE LA ÚLTIMA TRANSACCIÓN
campo de control 20251128211644.0
008 - DATOS DE LONGITUD FIJA--INFORMACIÓN GENERAL
campo de control de longitud fija 185020s1999 ||||||||||||||000 | spa||
020 ## - NÚMERO INTERNACIONAL ESTÁNDAR DEL LIBRO
Número Internacional Estándar del Libro 84-7133-689-8
040 ## - FUENTE DE CATALOGACIÓN
Centro/agencia transcriptor AR-BaBNM
245 10 - MENCIÓN DEL TÍTULO
Título La violencia en el sistema educativo
Resto del título del daño que las escuelas causan a los niños
260 ## - PUBLICACIÓN, DISTRIBUCIÓN, ETC.
Lugar de publicación, distribución, etc. Madrid
Nombre del editor, distribuidor, etc. La Muralla
Fecha de publicación, distribución, etc. 1999
300 0# - DESCRIPCIÓN FÍSICA
Extensión 287 p.
490 #0 - MENCIÓN DE SERIE
Mención de serie Aula abierta
500 0# - NOTA GENERAL
Nota general Incluye nota sobre los autores al final del volumen
504 ## - NOTA DE BIBLIOGRAFÍA, ETC.
Nota de bibliografía, etc. Nota Contiene referencias bibliográficas al final de cada capítulo
650 #4 - PUNTO DE ACCESO ADICIONAL DE MATERIA--TÉRMINO DE MATERIA
Término de materia o nombre geográfico como elemento de entrada RELACION FAMILIA-ESCUELA
650 #4 - PUNTO DE ACCESO ADICIONAL DE MATERIA--TÉRMINO DE MATERIA
Término de materia o nombre geográfico como elemento de entrada PAPEL DE LA ESCUELA
650 #4 - PUNTO DE ACCESO ADICIONAL DE MATERIA--TÉRMINO DE MATERIA
Término de materia o nombre geográfico como elemento de entrada ROL DEL DOCENTE
651 #4 - PUNTO DE ACCESO ADICIONAL DE MATERIA--NOMBRE GEOGRÁFICO
Nombre geográfico España
653 ## - TÉRMINO DE INDIZACIÓN--NO CONTROLADO
Término no controlado VIOLENCIA ESCOLAR
653 ## - TÉRMINO DE INDIZACIÓN--NO CONTROLADO
Término no controlado MALTRATO INFANTIL
653 ## - TÉRMINO DE INDIZACIÓN--NO CONTROLADO
Término no controlado MARGINACION EDUCATIVA
653 ## - TÉRMINO DE INDIZACIÓN--NO CONTROLADO
Término no controlado GENERO
700 1# - ENTRADA AGREGADA--NOMBRE PERSONAL
Nombre de persona Ross Epp, Juanita
Término indicativo de función/relación director
700 1# - ENTRADA AGREGADA--NOMBRE PERSONAL
Nombre de persona Watkinson, Ailsa M.
Término indicativo de función/relación director
700 1# - ENTRADA AGREGADA--NOMBRE PERSONAL
Nombre de persona Martineau, Sheila
700 1# - ENTRADA AGREGADA--NOMBRE PERSONAL
Nombre de persona Tite, Rosonna
700 1# - ENTRADA AGREGADA--NOMBRE PERSONAL
Nombre de persona Abbey, Sharon M.
700 1# - ENTRADA AGREGADA--NOMBRE PERSONAL
Nombre de persona MacDonald, Irene M.
700 1# - ENTRADA AGREGADA--NOMBRE PERSONAL
Nombre de persona Wason-Ellam, Linda
700 1# - ENTRADA AGREGADA--NOMBRE PERSONAL
Nombre de persona Leroy, Carol
700 1# - ENTRADA AGREGADA--NOMBRE PERSONAL
Nombre de persona Frank, Blye W.
700 1# - ENTRADA AGREGADA--NOMBRE PERSONAL
Nombre de persona Jadwin, Lisa
700 1# - ENTRADA AGREGADA--NOMBRE PERSONAL
Nombre de persona Monteath, Sandra
700 1# - ENTRADA AGREGADA--NOMBRE PERSONAL
Nombre de persona Cathro, Lorraine
800 1# - PUNTO DE ACCESO ADICIONAL DE SERIE--NOMBRE DE PERSONA
Nombre de persona Casanova, María Antonia
942 ## - ELEMENTOS DE ENTRADA SECUNDARIOS (KOHA)
Tipo de ítem Koha Libros
998 ## - INFORMACIÓN DE CONTROL LOCAL (RLIN)
Iniciales del catalogador, CIN (RLIN) calidad
Holdings
Estatus retirado Estado de pérdida Fuente de la clasificación o esquema de estantería Estado de daño No para préstamo Biblioteca de origen Biblioteca actual Fecha de adquisición Fuente de adquisición Total de préstamos Signatura topográfica completa Código de barras Visto por última vez Precio de reemplazo Tipo de ítem Koha
    Clasificación Decimal Dewey     Liberty Liberty 28/11/2025 C-BP-0002   37.06 ROS 136842 28/11/2025 28/11/2025 Libros
    Clasificación Decimal Dewey     Liberty Liberty 28/11/2025 C-BP-0002   37.06 ROS 136843 28/11/2025 28/11/2025 Libros